000 00594nam a2200169Ia 4500
008 090711s9999 xx 000 0 und d
082 _b1931
100 _aदारव्हेकर पु. व्यं.
245 _aअबोल झाली सतार
260 _bशिरिष प्रकाशन
_c1964
300 _a40
600 _aदारव्हेकर पु. व्यं.
630 _aअबोल झाली सतार
700 _aदारव्हेकर पु. व्यं.
730 _aअबोल झाली सतार
942 _cBOOK
999 _c338978
_d338975